Refining used lubricating oils / (Record no. 22311)

MARC details
000 -LEADER
fixed length control field 01577cam a22003017a 4500
001 - CONTROL NUMBER
control field 18015653
005 - DATE AND TIME OF LATEST TRANSACTION
control field 20160906134302.0
008 - FIXED-LENGTH DATA ELEMENTS--GENERAL INFORMATION
fixed length control field 140122t2014 flua frb 001 0 eng d
020 ## - INTERNATIONAL STANDARD BOOK NUMBER
International Standard Book Number 9781466551497
040 ## - CATALOGING SOURCE
Original cataloging agency DLC
Language of cataloging eng
Transcribing agency DLC
Modifying agency DLC
-- EG-ScBUE
082 04 - DEWEY DECIMAL CLASSIFICATION NUMBER
Classification number 665.5389
Edition number 22
Item number SPE
100 1# - MAIN ENTRY--PERSONAL NAME
Personal name Speight, James G.
9 (RLIN) 4382
245 10 - TITLE STATEMENT
Title Refining used lubricating oils /
Statement of responsibility, etc James G. Speight, Douglas I. Exall.
260 ## - PUBLICATION, DISTRIBUTION, ETC. (IMPRINT)
Place of publication, distribution, etc Boca Raton :
Name of publisher, distributor, etc CRC Press / Taylor & Francis Group,
Date of publication, distribution, etc c.2014.
300 ## - PHYSICAL DESCRIPTION
Extent xv, 449 p. :
Other physical details ill. ;
Dimensions 24 cm.
490 0# - Series Statement
Series statement Chemical industries.
500 ## - GENERAL NOTE
General note Index : p. 443-449.
504 ## - BIBLIOGRAPHY, ETC. NOTE
Bibliography, etc Includes bibliographical references.
520 ## - SUMMARY, ETC.
Summary, etc "Used lubricating oil is a valuable resource. This book examines recycling processes for a wide range of products with different properties and different criteria. It also compares the various recycling methods and resulting products to conventional products obtained from original refining processes. The reviews, data, and comparisons provided by the authors allow readers to identify which processes are likely to produce a product with specific properties, and enables them to combine this with an analysis of the economic data to identify attractive oil recycling propositions"--
650 #7 - SUBJECT ADDED ENTRY--TOPICAL TERM
Topical term or geographic name as entry element Petroleum waste
General subdivision Recycling.
Source of heading or term BUEsh
9 (RLIN) 41032
650 #7 - SUBJECT ADDED ENTRY--TOPICAL TERM
Topical term or geographic name as entry element Mineral oils
General subdivision Refining.
Source of heading or term BUEsh
9 (RLIN) 41033
650 #7 - SUBJECT ADDED ENTRY--TOPICAL TERM
Topical term or geographic name as entry element Lubricating oils
General subdivision Recycling.
Source of heading or term BUEsh
9 (RLIN) 41034
650 #0 - SUBJECT ADDED ENTRY--TOPICAL TERM
Topical term or geographic name as entry element Petroleum waste
General subdivision Management.
Source of heading or term BUEsh
651 ## - SUBJECT ADDED ENTRY--GEOGRAPHIC NAME
Source of heading or term BUEsh
653 ## - INDEX TERM--UNCONTROLLED
Resource For college Engineering, Petroleum
Arrived date list September2016
700 1# - ADDED ENTRY--PERSONAL NAME
Personal name Exall, Douglas I.
942 ## - ADDED ENTRY ELEMENTS (KOHA)
Source of classification or shelving scheme Dewey Decimal Classification
Holdings
Withdrawn status Item status Source of classification or shelving scheme Damaged status Not for loan Vendor Home library Current library Shelving location Date acquired Source of acquisition Cost, normal purchase price Serial Enumeration / chronology Total Checkouts Full call number Barcode Date last seen Cost, replacement price Koha item type
    Dewey Decimal Classification     Academic Bookshop Central Library Central Library First floor 06/09/2016 Purchase 1596.00 2000085   665.5389 SPE 000033545 15/07/2025 1995.00 Book - Borrowing